Normal view
MARC view
Entry Personal Name
001 - CONTROL NUMBER
- control field: 6509
003 - CONTROL NUMBER IDENTIFIER
- control field: HDC
005 - DATE AND TIME OF LATEST TRANSACTION
- control field: 20230624073231.0
008 - FIXED-LENGTH DATA ELEMENTS
- fixed length control field: 210123|| aca||aabn | a|a d
040 ## - CATALOGING SOURCE
- Original cataloging agency: HDC
- Transcribing agency: HDC
100 ## - HEADING--PERSONAL NAME
- Personal name: NUR TASNIM BT KAMARUL ZAMAN
670 ## - SOURCE DATA FOUND
- Source citation: Work cat.: (HDC): ADZHAR B. ISAHAL 6508, HALAL LOGISTICS :, 2013
